[Event "1.a3 - Really?    Anderssen's Opening  "]
[Site "SchemingMind.com"]
[Date "2011.11.17"]
[Round "-"]
[White "NimbleKnight"]
[Black "maro"]
[Result "1-0"]
[WhiteCountry "USA"]
[BlackCountry "MEX"]
[WhiteElo "1976"]
[WhiteRD "102"]
[BlackElo "1350"]
[BlackRD "63"]
[GameID "296988"]

1. a3 e5 2. e3 d5 3. d4 e4 4. c4 Nf6 5. Nc3 c6 6. Qb3 a6 7. f3 Bd6 8. fxe4 dxe4 9. Nge2 O-O 10. g3 Ng4
11. Bg2 Bf5 12. Nxe4 Bxe4 13. Bxe4 Qf6 14. Qxb7 Qf2+ 15. Kd1 Nxe3+ 16. Bxe3 Qxe3 17. Bxc6 Nxc6 18. Qxc6 Qd3+ 19. Ke1 Be7 20. Qa4 Qf3
21. Rf1 Qe4 22. Rd1 Rfd8 23. b4 Rd6 24. Qb3 Rh6 25. h4 Rf6 26. Rxf6 Bxf6 27. Qd3 Qh1+ 28. Kd2 Qg2 29. Kc1 Re8 30. Nc3 Rd8
31. d5 Re8 32. Rd2 Re1+ 33. Nd1 Qg1 34. d6 Bd8 35. c5 Bf6 36. d7 Bd8 37. Re2 Rxe2 38. Qxe2 Kf8 39. Qe8#
1-0

[Event "1.a3 - Really?    Anderssen's Opening  "]
[Site "SchemingMind.com"]
[Date "2011.11.17"]
[Round "-"]
[White "maro"]
[Black "NimbleKnight"]
[Result "0-1"]
[WhiteCountry "MEX"]
[BlackCountry "USA"]
[WhiteElo "1401"]
[WhiteRD "62"]
[BlackElo "1960"]
[BlackRD "96"]
[GameID "296993"]

1. a3 d5 2. d4 Nf6 3. Nc3 Bf5 4. Nf3 Nc6 5. Ne5 e6 6. Nxc6 bxc6 7. e3 Be7 8. Bd3 Bxd3 9. Qxd3 O-O 10. O-O c5
11. dxc5 Bxc5 12. Na4 Bd6 13. Bd2 c5 14. c4 Qd7 15. Nc3 dxc4 16. Qxc4 Bxh2+ 17. Kxh2 Qxd2 18. Ne4 Nxe4 19. Qxe4 Qxb2 20. f4 Qb8
21. g3 Qc7 22. Rfc1 Rac8 23. Rc4 Rfd8 24. Rac1 Qa5 25. R1c3 Rd5 26. Kh3 Qc7 27. Ra4 g6 28. Qb1 Qc6 29. Rxa7 Rh5+ 30. Kg4 f5+
0-1

[Event "1.a3 - Really?    Anderssen's Opening  "]
[Site "SchemingMind.com"]
[Date "2011.11.22"]
[Round "-"]
[White "Uzi Mike"]
[Black "Coretismo"]
[Result "0-1"]
[WhiteCountry "USA"]
[BlackCountry "ENG"]
[WhiteElo "2267"]
[WhiteRD "74"]
[BlackElo "2008"]
[BlackRD "99"]
[GameID "297442"]

1. a3 d5 2. d4 Nf6 3. Nf3 e6 4. c4 dxc4 5. e3 c5 6. Bxc4 a6 7. Bd3 Nc6 8. O-O Be7 9. dxc5 Bxc5 10. b4 Bd6
11. Bb2 O-O 12. Nc3 Ne5 13. Nxe5 Bxe5 14. f4 Bxc3 15. Bxc3 b5 16. Qc2 h6 17. Rfd1 Qe7 18. Bxf6 Qxf6 19. Bh7+ Kh8 20. Be4 Ra7
21. Rac1 g6 22. Rd6 Qe7 23. Rc6 Bd7 24. Rc5 Kg7 25. Rd1 Re8 26. Qd3 Kh7 27. Rc7 Rxc7
0-1

[Event "1.a3 - Really?    Anderssen's Opening  "]
[Site "SchemingMind.com"]
[Date "2011.11.27"]
[Round "-"]
[White "kenneth m day"]
[Black "DimonM"]
[Result "1-0"]
[WhiteCountry "USA"]
[BlackCountry "INT"]
[WhiteElo "1866"]
[WhiteRD "52"]
[BlackElo "1166"]
[BlackRD "143"]
[GameID "297658"]

1. a3 Nf6 2. d4 d5 3. Nf3 e6 4. Bf4 Nc6 5. e3 Be7 6. Bd3 O-O 7. Nbd2 Re8 8. O-O a6 9. Ne5 Nxe5 10. Bxe5 Nd7
11. Nf3 Nxe5 12. Nxe5 Bf6 13. f4
1-0

[Event "1.a3 - Really?    Anderssen's Opening  "]
[Site "SchemingMind.com"]
[Date "2011.11.27"]
[Round "-"]
[White "DimonM"]
[Black "kenneth m day"]
[Result "0-1"]
[WhiteCountry "INT"]
[BlackCountry "USA"]
[WhiteElo "1166"]
[WhiteRD "143"]
[BlackElo "1866"]
[BlackRD "52"]
[GameID "297667"]

1. a3 e5 2. c4 Nf6 3. Nc3 Bc5 4. e4 d6 5. Nf3 Nc6 6. d3 O-O 7. h3 h6 8. Be3 Bxe3 9. fxe3 Nh5 10. Be2 f5
11. exf5 Ng3 12. Rg1 Bxf5
0-1

[Event "1.a3 - Really?    Anderssen's Opening  "]
[Site "SchemingMind.com"]
[Date "2011.11.27"]
[Round "-"]
[White "Timaeus"]
[Black "eun77"]
[Result "0-1"]
[WhiteCountry "JPN"]
[BlackCountry "ISR"]
[WhiteElo "1395"]
[WhiteRD "66"]
[BlackElo "1403"]
[BlackRD "72"]
[GameID "297690"]

1. a3 c5 2. e4 d6 3. Bc4 Nf6 4. Nf3 e6 5. Nc3 Be7 6. d3 h6 7. Be3 O-O 8. Qe2 b6 9. O-O e5 10. h3 Ba6
11. Nb5 Bxb5 12. Bxb5 a6 13. Ba4 b5 14. Bb3 Nh7 15. c4 Bg5 16. h4 Bxe3 17. Qxe3 Nc6 18. cxb5 Nd4 19. Rfe1 Nxb3 20. Rad1 Nd4
21. Rd2 Nxf3+ 22. Qxf3 axb5 23. g3 Qf6 24. Qg4 Qg6 25. Qf3 Nf6 26. Kh2 Qg4 27. Qg2 Nh7 28. f3 Qd7 29. g4 f6 30. Qg1 g5
31. h5 Rf7 32. Ree2 Nf8 33. Kg3 Ne6 34. Qb1 Nf4 35. Re1 Ra4 36. Qa2 b4 37. Rb1 Qb7 38. Qb3 Ra7 39. Rdd1 bxa3 40. bxa3 Qxb3
41. Rxb3 Kg7 42. Kf2 Rab7 43. Rc3 Rb2+ 44. Kf1 Ra7 45. Re1 Ra2 46. Rb1 R7xa3 47. Rxa3 Rxa3 48. Rb7+ Kf8 49. Rb6 Rxd3 50. Kf2 c4
51. Rb8+ Ke7 52. Rb7+ Kd8 53. Rb1 c3 54. Rc1 Kc7 55. Rc2 Kc6 56. Rc1 Kc5 57. Ra1 c2 58. Ke1 Rd1+ 59. Rxd1 cxd1=Q+ 60. Kxd1 Kd4
61. Kd2 Nh3 62. Ke2 d5 63. exd5 Kxd5 64. Ke3 Ng1 65. Kf2 Nh3+ 66. Ke3 Nf4 67. Kf2 Kd4 68. Kf1 Ke3 69. Kg1 Kxf3
0-1

[Event "1.a3 - Really?    Anderssen's Opening  "]
[Site "SchemingMind.com"]
[Date "2011.11.27"]
[Round "-"]
[White "eun77"]
[Black "Timaeus"]
[Result "0-1"]
[WhiteCountry "ISR"]
[BlackCountry "JPN"]
[WhiteElo "1283"]
[WhiteRD "78"]
[BlackElo "1397"]
[BlackRD "77"]
[GameID "297696"]

1. a3 e5 2. e4 Nf6 3. d3 Nc6 4. Nf3 d6 5. h3 b6 6. Be2 h6 7. O-O Nh7 8. Nh2 Nd4 9. c3 Nc6 10. Bg4 Be7
11. Bxc8 Rxc8 12. b4 O-O 13. Nd2 Bg5 14. Ndf3 Bxc1 15. Qxc1 Re8 16. Ra2 d5 17. Rd1 d4 18. cxd4 exd4 19. Qxc6 Re6 20. Qc1 a6
21. Qa1 Rd6
0-1

[Event "1.a3 - Really?    Anderssen's Opening  "]
[Site "SchemingMind.com"]
[Date "2011.12.01"]
[Round "-"]
[White "jtrochez1"]
[Black "carda"]
[Result "1-0"]
[WhiteCountry "HON"]
[BlackCountry "SVK"]
[WhiteElo "1625"]
[WhiteRD "51"]
[BlackElo "1674"]
[BlackRD "85"]
[GameID "298140"]

1. a3 d5 2. d4 e6 3. Nf3 c5 4. c3 cxd4 5. cxd4 Nf6 6. Bg5 Be7 7. Nc3 Bd7 8. e3 Qa5 9. Bxf6 Bxf6 10. b4 Qc7
11. Rc1 O-O 12. Nxd5 Qd8 13. Nc7 Nc6 14. Nxa8 Qxa8 15. Be2 a5 16. b5 Na7 17. a4 b6 18. O-O Nc8 19. Ne5 Rd8 20. Rc7 Be8
21. Qc2 Nd6 22. Bf3 Qb8 23. Nc6 Qa8 24. Ne7+
1-0

[Event "1.a3 - Really?    Anderssen's Opening  "]
[Site "SchemingMind.com"]
[Date "2011.12.01"]
[Round "-"]
[White "carda"]
[Black "jtrochez1"]
[Result "1-0"]
[WhiteCountry "SVK"]
[BlackCountry "HON"]
[WhiteElo "1674"]
[WhiteRD "85"]
[BlackElo "1625"]
[BlackRD "51"]
[GameID "298146"]

1. a3 g6 2. d4 c6 3. g3 e6 4. Nf3 d6 5. Bg2 Bg7 6. Nc3 Ne7 7. O-O O-O 8. Bf4 f6 9. Qd2 d5 10. e4 Qe8
11. e5 Nd7 12. Rfe1 fxe5 13. Nxe5 Nxe5 14. Bxe5 Nf5 15. Na4 Bh6 16. Bf4 Bxf4 17. Qxf4 Ng7 18. Qe5 Rf5 19. Qe3 Qf7 20. Nc5 b6
21. Nd3 Bb7 22. Ne5 Qe7 23. Ng4 Kh8 24. Nh6 Raf8 25. Nxf5 Nxf5 26. Qd2 Qf6 27. c3 a5 28. Re2 Ba6 29. Re5 c5 30. Rae1 Bc8
31. dxc5 bxc5 32. c4
1-0

[Event "1.a3 - Really?    Anderssen's Opening  "]
[Site "SchemingMind.com"]
[Date "2011.12.03"]
[Round "-"]
[White "Michal Drus"]
[Black "essam100"]
[Result "0-1"]
[WhiteCountry "POL"]
[BlackCountry "EGY"]
[WhiteElo "1614"]
[WhiteRD "59"]
[BlackElo "1801"]
[BlackRD "162"]
[GameID "298381"]

1. a3 d5 2. b4 Nf6 3. Nf3 c6 4. h3 g6 5. Bb2 Bg7 6. g4 h6 7. d3 Nbd7 8. Nbd2 Qc7 9. c4 e5 10. d4 e4
11. g5 hxg5 12. Nxg5 Qf4 13. Rg1 e3 14. Ndf3 exf2+ 15. Kxf2 Ne4+ 16. Nxe4 dxe4 17. Qd2 Qf5 18. Rg5 Bh6 19. Rxf5 Bxd2 20. d5 gxf5
21. Nxd2 Rg8 22. dxc6 bxc6 23. Rd1 c5 24. Nb3 Rb8 25. b5 f4 26. Rd5 e3+ 27. Ke1 Nb6 28. Re5+ Be6 29. Nxc5 Nxc4 30. Re4 Nxb2
31. Nxe6 fxe6 32. Rxe6+ Kd7 33. Ra6 Rbc8 34. Rc6 Rxc6
0-1

[Event "1.a3 - Really?    Anderssen's Opening  "]
[Site "SchemingMind.com"]
[Date "2011.12.03"]
[Round "-"]
[White "essam100"]
[Black "Michal Drus"]
[Result "1-0"]
[WhiteCountry "EGY"]
[BlackCountry "POL"]
[WhiteElo "1801"]
[WhiteRD "162"]
[BlackElo "1614"]
[BlackRD "59"]
[GameID "298384"]

1. a3 c5 2. Nf3 Nf6 3. g3 d5 4. d4 e6 5. Bg2 h6 6. O-O Nc6 7. c4 dxc4 8. Qa4 Nd5 9. dxc5 Bxc5 10. Qxc4 Qb6
11. b4 Ne3 12. fxe3 Bxe3+ 13. Bxe3 Qxe3+ 14. Kh1 O-O 15. Nbd2 Ne7 16. Qe4 Nd5 17. Qxe3 Nxe3 18. Rfc1 a5 19. b5 Nxg2 20. Kxg2 Bd7
21. a4 Rfd8 22. Rc7 Rab8 23. Nc4 Rbc8 24. Rxc8 Rxc8 25. Nxa5 Ra8 26. Nb3 f6 27. Rd1 Bc8 28. Rd8+ Kf7 29. Nc5 Ke7 30. Rg8 Kf7
31. Rh8 e5 32. Nd7 Ke7 33. Nf8 b6 34. Kf2 Bb7 35. Ng6+ Kf7 36. Rxa8 Bxa8 37. Ngxe5+
1-0

[Event "1.a3 - Really?    Anderssen's Opening  "]
[Site "SchemingMind.com"]
[Date "2011.12.06"]
[Round "-"]
[White "Vermonty"]
[Black "Olli Ylönen"]
[Result "1/2-1/2"]
[WhiteCountry "USA"]
[BlackCountry "FIN"]
[WhiteElo "1978"]
[WhiteRD "62"]
[BlackElo "1815"]
[BlackRD "53"]
[GameID "298515"]

1. a3 e5 2. c4 Nc6 3. Nc3 Nf6 4. g3 d5 5. cxd5 Nxd5 6. Bg2 Be6 7. d3 Be7 8. Nf3 O-O 9. Bd2 Qd7 10. b4 Nxc3
11. Bxc3 f6 12. O-O Rad8 13. Qc2 Rfe8 14. d4 exd4 15. Rfd1 Bf5 16. Qb3+ Be6 17. Qc2 Bf5 18. Qb3+ Be6 19. Qc2
1/2-1/2

[Event "1.a3 - Really?    Anderssen's Opening  "]
[Site "SchemingMind.com"]
[Date "2011.12.07"]
[Round "-"]
[White "Tuisceanach44"]
[Black "bodolsog"]
[Result "1-0"]
[WhiteCountry "IRL"]
[BlackCountry "POL"]
[WhiteElo "2070"]
[WhiteRD "69"]
[BlackElo "1379"]
[BlackRD "89"]
[GameID "298519"]

1. a3 d5 2. f4 f5 3. Nf3 e6 4. e3 Bd7 5. c4 dxc4 6. Bxc4 Nf6 7. Qb3 Qe7 8. Qxb7 Bc6 9. Qc8+ Qd8 10. Qxe6+ Be7
11. Qf7+ Kd7 12. Ne5+ Kc8 13. Nxc6 Nxc6 14. Qe6+ Qd7 15. Ba6+ Kd8 16. Qc4 Rb8 17. Bb5 Rb6 18. Nc3 Na5 19. Bxd7 Nxc4 20. Bxf5 Nxb2
21. Bxb2 Rxb2 22. Ke2 Rb5 23. Nxb5 g6 24. Bh3 h5 25. Nxa7 Ke8 26. Nc6 Nd5 27. Be6 Rf8 28. Bxd5 Rf5 29. Nxe7 Kxe7 30. Bf3 Kf7
31. Rhc1 Kg7 32. Rxc7+ Kh6 33. Rc6
1-0

[Event "1.a3 - Really?    Anderssen's Opening  "]
[Site "SchemingMind.com"]
[Date "2011.12.06"]
[Round "-"]
[White "Olli Ylönen"]
[Black "Vermonty"]
[Result "1/2-1/2"]
[WhiteCountry "FIN"]
[BlackCountry "USA"]
[WhiteElo "1819"]
[WhiteRD "52"]
[BlackElo "1926"]
[BlackRD "73"]
[GameID "298520"]

1. a3 Nf6 2. Nf3 g6 3. g3 Bg7 4. Bg2 O-O 5. O-O d5 6. d3 c5 7. Nbd2 Nc6 8. c4 d4 9. Rb1 a5 10. Ne1 Bd7
11. Nc2 Qc7 12. Nf3 e5 13. e3 Rad8 14. Re1 Nh5 15. b4 b6 16. bxc5 bxc5 17. exd4 exd4 18. Bd2 Rfe8 19. Rxe8+ Rxe8 20. Na1 Rb8
21. Rxb8+ Qxb8 22. Nb3 Qb6 23. Ne1 a4 24. Nc1 Na5 25. Ne2 Nb3 26. Nf4 Nxd2 27. Qxd2 Nxf4 28. Qxf4 Be6 29. h4 h5 30. Qc1 Qb3
31. Be4 Bf6 32. Kg2 Kg7 33. Nf3 Bd7 34. Ne1=
1/2-1/2

[Event "1.a3 - Really?    Anderssen's Opening  "]
[Site "SchemingMind.com"]
[Date "2011.12.09"]
[Round "-"]
[White "bodolsog"]
[Black "Tuisceanach44"]
[Result "0-1"]
[WhiteCountry "POL"]
[BlackCountry "IRL"]
[WhiteElo "1361"]
[WhiteRD "90"]
[BlackElo "2002"]
[BlackRD "74"]
[GameID "298524"]

1. a3 f5 2. Nc3 Nf6 3. d4 d5 4. e3 e6 5. b4 a6 6. Nf3 Bd6 7. Bd3 Nbd7 8. O-O O-O 9. Ng5 Qe7 10. Bd2 Ne4
11. Ngxe4 fxe4 12. Be2 c6 13. Bg4 Nf6 14. f3 Nxg4 15. fxg4 Rxf1+ 16. Qxf1 e5 17. dxe5 Bxe5 18. Be1 Bxg4 19. h3 Rf8 20. Bf2 Be6
21. b5 axb5 22. Ne2 Bxa1 23. Qxa1 Ra8 24. Nf4 Bd7 25. Bg3 Rxa3 26. Bh4 Rxa1+ 27. Kh2 Qxh4 28. c3 Ra2
0-1

[Event "1.a3 - Really?    Anderssen's Opening  "]
[Site "SchemingMind.com"]
[Date "2012.07.19"]
[Round "-"]
[White "NimbleKnight"]
[Black "Vermonty"]
[Result "0-1"]
[WhiteCountry "USA"]
[BlackCountry "USA"]
[WhiteElo "1864"]
[WhiteRD "71"]
[BlackElo "2055"]
[BlackRD "82"]
[GameID "314542"]

1. a3 e5 2. e3 Nc6 3. d4 d6 4. Nc3 Nf6 5. d5 Ne7 6. e4 Ng6 7. Nf3 Be7 8. Bd3 c6 9. O-O O-O 10. h3 Bd7
11. Bd2 Rc8 12. Re1 h6 13. Bf1 cxd5 14. Nxd5 Nxd5 15. exd5 f5 16. c4 b6 17. b3 Bf6 18. Bc3 Nh8 19. Rc1 Nf7 20. Qc2 g5
21. Qb2 Nh8 22. Red1 Ng6 23. Kh2 g4 24. Ng1 h5 25. Qb1 Rc7 26. Be2 Kg7 27. Bd3 e4 28. Bxf6+ Qxf6 29. Bf1 Qe5+ 30. Kh1 f4
31. Qa1 Qxa1 32. Rxa1 f3 33. Re1 Bf5 34. Ra2= Ne5 35. a4 a5 36. Re3= Kf6 37. Kh2 Rg8 38. Rd2 Rcg7 39. g3 gxh3 40. Nxh3 Ng4+
41. Kh1 Nxe3 42. fxe3 Rxg3 43. Nf2 Rg1+ 44. Kh2 Rxf1
0-1

[Event "1.a3 - Really?    Anderssen's Opening  "]
[Site "SchemingMind.com"]
[Date "2012.07.20"]
[Round "-"]
[White "Vermonty"]
[Black "NimbleKnight"]
[Result "1-0"]
[WhiteCountry "USA"]
[BlackCountry "USA"]
[WhiteElo "2035"]
[WhiteRD "69"]
[BlackElo "1944"]
[BlackRD "88"]
[GameID "314553"]

1. a3 d5 2. d4 Nf6 3. Nf3 Bf5 4. Bf4 e6 5. e3 Bd6 6. Bxd6 Qxd6 7. Bd3 O-O 8. Nc3 Bxd3 9. Qxd3 c6 10. Ne5 Nbd7
11. f4 Rfd8 12. O-O Nf8 13. g4 N6d7 14. Rf2 f6 15. Nxd7 Nxd7 16. Ne2 e5 17. f5 e4 18. Qd2 Nb6 19. b3 Qe7 20. Nf4 Nc8
21. Rg2 Nd6 22. Qf2 Nb5 23. Kh1 Rf8 24. c4 Nc7 25. c5 Kh8 26. Qh4 Rae8 27. Ng6+ Kg8 28. Nxe7+ Rxe7 29. Rf1 Na6 30. g5 fxg5
31. Rxg5 Ref7 32. Rfg1 Nc7 33. Rh5 Rxf5 34. Rxf5 Rxf5 35. Qd8+ Ne8 36. Qxe8+
1-0

[Event "1.a3 - Really?    Anderssen's Opening  "]
[Site "SchemingMind.com"]
[Date "2012.09.24"]
[Round "-"]
[White "carda"]
[Black "Timaeus"]
[Result "1-0"]
[WhiteCountry "SVK"]
[BlackCountry "JPN"]
[WhiteElo "1806"]
[WhiteRD "99"]
[BlackElo "1470"]
[BlackRD "73"]
[GameID "318202"]

1. a3 d5 2. d4 e6 3. Nf3 Bd6 4. Nc3 Nf6 5. Bg5 Nbd7 6. e4 dxe4 7. Nxe4 Nb6 8. Ne5 h6 9. Nxd6+ cxd6 10. Bb5+ Bd7
11. Nxd7 Nbxd7 12. Bxd7+ Qxd7 13. Bxf6 gxf6 14. O-O d5 15. Re1 O-O-O 16. Qf3 f5 17. Rab1 Qc7 18. Rec1 f4 19. b3 b5 20. a4 b4
21. c3 a5 22. cxb4 axb4 23. Qxf4 Rd7 24. Rxc7+ Rxc7 25. Rc1 Rxc1+ 26. Qxc1+ Kb7 27. h3 f6 28. Kh2 e5 29. Qc5 Rd8 30. Qe7+ Kc8
31. Qxf6
1-0

[Event "1.a3 - Really?    Anderssen's Opening  "]
[Site "SchemingMind.com"]
[Date "2012.09.24"]
[Round "-"]
[White "Timaeus"]
[Black "carda"]
[Result "0-1"]
[WhiteCountry "JPN"]
[BlackCountry "SVK"]
[WhiteElo "1343"]
[WhiteRD "74"]
[BlackElo "1758"]
[BlackRD "95"]
[GameID "318205"]

1. a3 c5 2. c4 e6 3. d4 d5 4. e3 Nf6 5. Be2 Ne4 6. Nf3 Be7 7. Bd2 Nc6 8. O-O O-O 9. Nc3 Nxc3 10. Bxc3 Bd6
11. Qc2 cxd4 12. Bxd4 e5 13. Bc3 e4 14. Nd2 Qg5 15. h3 Bxh3
0-1

[Event "1.a3 - Really?    Anderssen's Opening  "]
[Site "SchemingMind.com"]
[Date "2013.01.12"]
[Round "-"]
[White "Coretismo"]
[Black "carda"]
[Result "1-0"]
[WhiteCountry "ENG"]
[BlackCountry "SVK"]
[WhiteElo "2057"]
[WhiteRD "79"]
[BlackElo "1782"]
[BlackRD "108"]
[GameID "324902"]

1. a3 e6 2. Nf3 Nf6 3. d4 d5 4. e3 c5 5. dxc5 Bxc5 6. b4 Bd6 7. Bb2 O-O 8. c4 dxc4 9. Bxc4 Qe7 10. O-O Nc6
11. Nbd2 a6 12. Qc2 e5 13. Ng5 g6 14. Nge4 Bf5 15. Nxf6+ Qxf6 16. e4 Bd7 17. f4 Qh4 18. Nf3 Qxf4 19. Bc1 Qg4 20. Bh6 Rfc8
21. Qd3 Be6 22. Bxe6 Qxe6 23. Ng5 Qg4 24. Qxd6
1-0

[Event "1.a3 - Really?    Anderssen's Opening  "]
[Site "SchemingMind.com"]
[Date "2013.01.13"]
[Round "-"]
[White "carda"]
[Black "Coretismo"]
[Result "0-1"]
[WhiteCountry "SVK"]
[BlackCountry "ENG"]
[WhiteElo "1782"]
[WhiteRD "108"]
[BlackElo "2057"]
[BlackRD "79"]
[GameID "324905"]

1. a3 Nf6 2. g3 d5 3. Bg2 c5 4. d4 cxd4 5. Qxd4 Nc6 6. Qd1 e5 7. Nc3 d4 8. Ne4 Bf5 9. Ng5 h6 10. N5f3 Qd7
11. e3 Be4 12. Ne2 O-O-O 13. O-O Qf5 14. Nh4 Qe6 15. Bxe4 Nxe4 16. exd4 Be7 17. Nf3 g5 18. Qe1 exd4 19. b4 g4 20. Nd2 Ng5
21. Nb3 Nf3+
0-1

[Event "1.a3 - Really?    Anderssen's Opening  "]
[Site "SchemingMind.com"]
[Date "2013.05.05"]
[Round "-"]
[White "Vermonty"]
[Black "kenneth m day"]
[Result "1-0"]
[WhiteCountry "USA"]
[BlackCountry "USA"]
[WhiteElo "2071"]
[WhiteRD "88"]
[BlackElo "1770"]
[BlackRD "52"]
[GameID "331151"]

1. a3 e5 2. c4 Nf6 3. Nc3 Nc6 4. Nf3 Bc5 5. e3 O-O 6. b4 Be7 7. Bb2 d6 8. d3 h6 9. Be2 Bf5 10. e4 Bh7
11. O-O Nd4 12. Nxd4 exd4 13. Nb1 c5 14. Nd2 Nd7 15. f4 f5 16. Bf3 fxe4 17. Bxe4 Nf6 18. Bxh7+ Kxh7 19. bxc5 dxc5 20. Qe2 Qc7
21. Ne4 Nxe4 22. Qxe4+ g6 23. Rae1 Rae8 24. f5 Qd7 25. fxg6+ Kg7 26. Rxf8 Kxf8 27. Qf4+ Kg7 28. Qf7+
1-0

[Event "1.a3 - Really?    Anderssen's Opening  "]
[Site "SchemingMind.com"]
[Date "2013.05.05"]
[Round "-"]
[White "kenneth m day"]
[Black "Vermonty"]
[Result "0-1"]
[WhiteCountry "USA"]
[BlackCountry "USA"]
[WhiteElo "1768"]
[WhiteRD "51"]
[BlackElo "2077"]
[BlackRD "89"]
[GameID "331157"]

1. a3 Nf6 2. d4 g6 3. c4 Bg7 4. Nc3 d6 5. e4 O-O 6. Nf3 e5 7. Bg5 Nbd7 8. Qd2 c6 9. O-O-O Re8 10. Bh6 Qe7
11. Qg5 Qf8 12. h4 Bxh6
0-1

[Event "1.a3 - Really?    Anderssen's Opening  "]
[Site "SchemingMind.com"]
[Date "2013.09.05"]
[Round "-"]
[White "Coretismo"]
[Black "Vermonty"]
[Result "0-1"]
[WhiteCountry "ENG"]
[BlackCountry "USA"]
[WhiteElo "1964"]
[WhiteRD "91"]
[BlackElo "2028"]
[BlackRD "110"]
[GameID "337534"]

1. a3 Nf6 2. d4 g6 3. Nf3 Bg7 4. c4 O-O 5. Nc3 d5 6. cxd5 Nxd5 7. e3 c5 8. Qb3 Nxc3 9. bxc3 Nc6 10. Be2 Na5
11. Qd1 Qc7 12. O-O Rd8 13. Bb2 Be6 14. Rc1 Bc4 15. Bxc4 Nxc4 16. Qe2 Nxb2 17. Qxb2 Rd7 18. e4 Rad8 19. Qb3 e6 20. e5 Bh6
21. Rcd1 Qc6 22. dxc5 Qxc5 23. Rfe1 Rxd1 24. Rxd1 Rxd1+ 25. Qxd1 Qxc3 26. a4 Qc1 27. Qxc1 Bxc1 28. Kf1 Kf8 29. Ke2 Ke7 30. Kd3 Bb2
31. Kc4 h6 32. Kb3 Ba1 33. Ka2 Bc3 34. Kb3 Ba5 35. Kc4 Bb6 36. Nd4 Bxd4 37. Kxd4 Kd7 38. Kc5 Kc7 39. f4 h5
0-1

[Event "1.a3 - Really?    Anderssen's Opening  "]
[Site "SchemingMind.com"]
[Date "2013.09.05"]
[Round "-"]
[White "Vermonty"]
[Black "Coretismo"]
[Result "0-1"]
[WhiteCountry "USA"]
[BlackCountry "ENG"]
[WhiteElo "1992"]
[WhiteRD "106"]
[BlackElo "2037"]
[BlackRD "90"]
[GameID "337536"]

1. a3 e5 2. c4 Nf6 3. d3 a5 4. Nf3 d6 5. g3 Be7 6. Nc3 O-O 7. Bg2 Nbd7 8. Rb1 c6 9. O-O Re8 10. b4 axb4
11. axb4 Nf8 12. b5 Qc7 13. bxc6 bxc6 14. Nd2 Bb7 15. Nb3 Ra6 16. e4 Ne6 17. Be3 Rea8 18. f4 Ra3 19. f5 Nd4 20. Nxd4 Rxc3
21. Nc2 d5 22. Qd2 d4 23. Nxd4 Raa3 24. Nc2 Rxd3 25. Qe2 Rxe3 26. Nxe3 Bc5 27. Qc2 Ng4
0-1